000 00755nam a22002057a 4500
999 _c462
_d462
003 AR-CdUCM
008 190223b ||||| |||| 00| 0 spa d
040 _aMUNICIPALIDAD PROVINCIAL DEL CUSCO
_cBIBLIOTECA MUNICIPAL DEL CUSCO
082 _a860.8 /
_bJ77
100 _aDe Jovellanos, Gaspar Melchor
_91826
245 _aObras, I :
_bEpistolario /
260 _aBarcelona
_bEditorial Labor, S.A.
_c1970
300 _a242 paginas;
_c18 cm.
505 _aA Carlos Gonzales de Posada -- A Jose de Guevara Vasconzelos -- A Manuel Godoy --Al obispo de Lugo -- A Juan Agustin Cean Bermudez ...
650 _aTextos hispánicos modernos
_91827
650 _aObras de Jovellanos
_91828
650 _aEspaña
_9176
942 _2ddc
_cLIBROS
945 _arum
_d2019-02-23